Countries that have won Miss Universe - Statistics

General Stats
  • This quiz has been taken 354 times
    105 since last reset
  • The average score is 63 of 74
Answer Stats
Hint Answer % Correct
2025 Mexico
100%
2020 Mexico
100%
2010 Mexico
100%
1991 Mexico
100%
2022 United States
99%
2012 United States
99%
1997 United States
99%
1995 United States
99%
1980 United States
99%
1967 United States
99%
1960 United States
99%
1956 United States
99%
1954 United States
99%
2021 India
96%
2000 India
96%
1994 India
96%
2007 Japan
96%
1959 Japan
96%
2014 Colombia
94%
1958 Colombia
94%
2024 Denmark
92%
2005 Canada
91%
1982 Canada
91%
2019 South Africa
91%
2017 South Africa
91%
1978 South Africa
91%
2013 Venezuela
91%
2009 Venezuela
91%
2008 Venezuela
91%
1996 Venezuela
91%
1986 Venezuela
91%
1981 Venezuela
91%
1979 Venezuela
91%
2016 France
90%
1953 France
90%
2002 Russia
90%
2004 Australia
87%
1972 Australia
87%
1984 Sweden
86%
1966 Sweden
86%
1955 Sweden
86%
1988 Thailand
86%
1965 Thailand
86%
1975 Finland
85%
1952 Finland
85%
2018 Philippines
84%
2015 Philippines
84%
1973 Philippines
84%
1969 Philippines
84%
1974 Spain
82%
1990 Norway
81%
1968 Brazil
80%
1963 Brazil
80%
1961 Germany
80%
1957 Peru
78%
2003 Dominican Republic
77%
1987 Chile
76%
2011 Angola
73%
1964 Greece
73%
1976 Israel
72%
1989 Netherlands
72%
1983 New Zealand
71%
2023 Nicaragua
71%
1962 Argentina
68%
2006 Puerto Rico
67%
2001 Puerto Rico
67%
1993 Puerto Rico
67%
1985 Puerto Rico
67%
1970 Puerto Rico
67%
1998 Trinidad and Tobago
61%
1977 Trinidad and Tobago
61%
1999 Botswana
57%
1971 Lebanon
54%
1992 Namibia
53%
No matching quizzes found
Score Distribution
Percent of People with Each Score
Percentile by Number Answered
Your Score History
You have not taken this quiz since the last reset